| 000 | 00645nam a2200229 4500 | ||
|---|---|---|---|
| 003 | OSt | ||
| 005 | 20260601170956.0 | ||
| 008 | 260421b\\\\\\\\||||||||\||||\00|\0\eng\d | ||
| 020 | _a8425206723 | ||
| 040 |
_aICI _bspa _cICI |
||
| 050 |
_aP99 _bP7 |
||
| 100 | 1 |
_aPrieto, Luis J., _930721 |
|
| 245 | 1 |
_aPertinencia y practica : _bEnsayos de semiologia / _cLuis j. Prieto |
|
| 264 |
_bGustavo Gili, _c1977 _aBarcelona : |
||
| 300 |
_a156 páginas _c21cm. |
||
| 336 |
_atexto _2rdacontent |
||
| 337 |
_asin medio _2rdamedia |
||
| 338 |
_avolumen _2rdacarrier |
||
| 490 | 0 | _aColección comunicación visual | |
| 650 | 4 | _aSemiótica | |
| 942 |
_2lcc _cB |
||
| 999 |
_c19870 _d19870 |
||